| 000 | 01264nam0a2200301 4500 | ||
|---|---|---|---|
| 001 | RU\NLR\BIBL_A\011508163 | ||
| 005 | 20260406080054.0 | ||
| 010 |
_a9785990480193 _9500 |
||
| 021 |
_aRU _b2017-75170 _95355 |
||
| 035 | _a(RuMoRGB)009411574 | ||
| 035 | _a(NLR Aleph) 011508163 | ||
| 090 |
_a12030948 _c12030948 |
||
| 100 | _a20171026d2017 u y0rusy50 ca | ||
| 101 | 0 | _arus | |
| 102 | _aRU | ||
| 105 | _aa z 0 zy | ||
| 200 | 1 |
_aСтарообрядческие моленные и иноческие поселения в Гуслицах в XIX-XX столетиях _fС. С. Михайлов |
|
| 210 |
_aВеликий Новгород _cАрхеодоксiя _d2017 |
||
| 215 |
_a455 с. _cил., портр., табл., факс. _d21 |
||
| 320 | _aБиблиогр. в тексте | ||
| 606 | 1 |
_aСтарообрядчество _xИстория _yГуслицы (Московская область) _92204734 _3RU\NLR\AUTH\6601559223 |
|
| 686 | 2 | _aЭ372.242-39(2Р-4Мо) | |
| 700 | 1 |
_8rus _7ca _aМихайлов _bС. С. _cканд. ист. наук _f1970- _gСергей Сергеевич _3RU\NLR\AUTH\7740449 _923401 |
|
| 942 | _cBOOK | ||
| 980 | _aNBR | ||